| 000 | 00445nam a22001457a 4500 | ||
|---|---|---|---|
| 020 | _a 0071430970 | ||
| 082 | _a280 SCB | ||
| 100 |
_a Rozakis, Laurie. _969342 |
||
| 245 | _aEnglish grammar for the utterly confused [electronic resource] | ||
| 260 |
_aNew York _bMcGraw-Hill _c2003 |
||
| 300 |
_a 236 p _b xvii |
||
| 490 | _a Utterly confused series: | ||
| 650 |
_aEnglish language -- Grammar | English language -- Usage _969343 |
||
| 942 | _cBK | ||
| 999 |
_c576672 _d576672 |
||